000 01010cam a2200337Ma 4500
001 95041
005 20230410130819.0
008 880304s19881982sp b 001 1 spa d
035 _a(OCoLC)ocm80376244
040 _aCSf
_cSFR
_dOCLCG
020 _a8432038652
020 _a9788432038655
035 _a(OCoLC)80376244
050 1 4 _aPQ 2664
_bV935n 1988
049 _aGRAL
100 1 _aVoltaire,
_d1694-1778.
245 1 0 _aNovelas y cuentos /
_cVoltaire ; introducción, traducción y notas de Carlos Pujol.
250 _a2a ed.
260 _aBarcelona :
_bEditorial Planeta,
_c1988 c1982.
300 _axxvi, 561 p. ;
_c19 cm.
440 0 _aClásicos Universales Planeta ;
_v34.
504 _aIncludes Bibliographical referents (xxv-xxvi) and index
600 1 0 _aVoltaire,
_d1694-1778
650 0 _aLiteratura francesa
_xnovela
_ycuento
650 4 _aCES
650 4 _aColección Enriquillo Sánchez
700 1 _aPujol, Carlos
942 _2lcc
_cbk
994 _aC0
_bDRFGD
946 _almm
999 _c80859
_d80859